| 000 | 00800nam a2200169 4500 | ||
|---|---|---|---|
| 001 | 14048 | ||
| 005 | 20260326111137.0 | ||
| 010 | _a9782842609900 | ||
| 090 | _a14048 | ||
| 099 | _o0 | ||
| 100 | _a20260326d u||y0frey50 ba | ||
| 200 |
_aLa Clairière _bLIVR |
||
| 214 | _céditions théâtrales | ||
| 323 | _a8 personnages | ||
| 330 | _aLe mur d'une résidence sécurisée s’effondre, exposant ses habitants à un monde perçu comme hostile. Propriétaires et locataires s’organisent ou fuient. Perrine recueille Karol, un inconnu de la forêt, déclenchant craintes et conflits. Face à la multiplication des disparitions de murs dans le pays, un compromis émerge par la construction d'un mur en bordure de forêt, symbole protecteur. | ||
| 610 |
_aintimité _ahumour _acouple |
||
| 700 |
_aJaubertie _bStéphane |
||